000 00633nam a2200229Ia 4500
005 20260429112106.0
008 260429s9999||||xx |||||||||||||| ||und||
020 _a9781319419240
041 _aEnglish
082 _a158.7
_bLEV
100 _aLevy, Paul E.
245 0 _aIndustrial/organizational psychology :
_bunderstanding the workplace /
_cPaul E. Levy
250 _a7th ed.
260 _aNew York :
_bWorth Publishers,
_c2025.
300 _axxviii, 632 p.; pbk
650 _a Industry
650 _a Organization
650 _aPsychology
700 _a O'Malley, Alison
700 _a Riordan, Brodie
942 _cTB
999 _c52307
_d52307